Movies Quiz

Random Movies or Quote Quiz

Movie Quotes (Audio) Quiz Stats

 Plays Quiz not verified by Sporcle

Score 0/50 Timer 16:00
0 Plays Today
Time Movie % Correct
0:49-0:58Forrest Gump
93.4%
2:14-2:17Jaws
86.8%
3:30-3:32The Shining
86.2%
2:59-3:01Apollo 13
85.7%
4:27-4:38The Dark Knight
85.7%
0:59-1:04Casablanca
84.1%
5:44-5:49Snow White and the Seven Dwarfs
83.3%
5:35-5:43Pirates of the Caribbean: The Curse of the Black Pearl
83.1%
3:53-3:57Star Wars
79.9%
1:38-1:40Dirty Dancing
79.4%
4:03-4:11A Few Good Men
78.8%
2:11-2:13Finding Nemo
78.3%
0:28-0:38A League of Their Own
77.2%
3:25-3:29Back to the Future
77.2%
3:49-3:52When Harry Met Sally
76.7%
7:03-7:21Taxi Driver
76.5%
3:58-4:02Psycho
74.9%
7:25-7:49Dirty Harry
71.2%
0:22-0:27Batman
70.9%
5:03-5:18Independence Day
70.6%
1:33-1:37The Hunger Games
70.4%
3:11-3:21It's a Wonderful Life
69.8%
1:41-1:45Field of Dreams
69.6%
1:46-2:10Rocky
68.3%
2:49-2:58The Ring
66.1%
Time Movie % Correct
2:18-2:41The Bourne Identity
61.4%
7:22-7:24Citizen Kane
60.6%
4:45-5:02Remember the Titans
60.1%
6:55-7:02The Big Lebowski
55%
0:13-0:21Godfather Part II
54.8%
0:39-0:48Armageddon
53.4%
5:58-6:04The Usual Suspects
52.9%
2:42-2:48Ghostbusters
51.9%
3:22-3:24The Matrix
49.2%
5:19-5:27Love Story
47.1%
5:28-5:34Cool Hand Luke
43.9%
1:05-1:10Some Like It Hot
43.4%
3:41-3:48A Streetcar Named Desire
38.9%
6:32-6:39In the Heat of the Night
34.1%
0:00-0:1212 Angry Men
33.3%
6:18-6:31West Side Story
30.7%
3:02-3:10The Treasure of the Sierra Madre
29.6%
6:40-6:54Captain America: The First Avenger
28.8%
4:39-4:44All About Eve
26.7%
1:29-1:32Annie Hall
24.3%
4:12-4:26Mr. Smith Goes To Washington
23%
3:33-3:40Whiplash
21.7%
6:05-6:17Trainwreck
17.2%
1:11-1:28Double Indemnity
15.1%
5:50-5:57Collateral
12.2%

You're not logged in!

Compare scores with friends on all Sporcle quizzes.
OR
Log In

Sporcle TV

Today on Sporcle TV


Watch our educational content, quiz creation guides, and fun videos on Sporcle TV.

Show Comments

Extras

Top Quizzes Today


Score Distribution

Your Account Isn't Verified!

In order to create a playlist on Sporcle, you need to verify the email address you used during registration. Go to your Sporcle Settings to finish the process.

Report this User

Report this user for behavior that violates our Community Guidelines.

Details: